Welcome to the Holygrace Academy Library

Please use search bar below to get started

HANNAH MONTANA (Record no. 2322)

MARC details
000 -LEADER
fixed length control field 00614nam a22001457a 4500
020 ## - INTERNATIONAL STANDARD BOOK NUMBER
ISBN 978-1-4075-0240-3
082 ## - DEWEY DECIMAL CLASSIFICATION NUMBER
Classification number 823
Item number POR/H
100 ## - MAIN ENTRY--AUTHOR NAME
Personal name PORYES, MICHAEL
245 ## - TITLE STATEMENT
Title HANNAH MONTANA
Remainder of title KEEPING SECRETS
260 ## - PUBLICATION, DISTRIBUTION, ETC. (IMPRINT)
Place of publication UNITED KINGDOM
Name of publisher PARRAGON
Year of publication 2007
300 ## - PHYSICAL DESCRIPTION
Number of Pages 117
520 ## - SUMMARY, ETC.
Summary, etc Miley Stewart has a big secret. When the lights go down, she's pop star Hannah Montana! But balancing her pop star life with school and homework is harder than she thought. Plus, when her friend Oliver becomes totally obsessed with Hannah Montana, Miley doesn't know what to do!
650 ## - SUBJECT ADDED ENTRY--TOPICAL TERM
Topical Term NOVELS
Geographic subdivision UNITED KINGDOM
942 ## - ADDED ENTRY ELEMENTS (KOHA)
Koha item type Books
Holdings
Withdrawn status Lost status Collection code Home library Current library Shelving location Date acquired Source of acquisition Full call number Accession Number Koha item type Cost, normal purchase price
    Fiction Main Library Main Library SHELF 1-J-ENGLISH NOVELS FOR TEACHERS 12/03/2014 purchase 823 POR/H 07870 Books  
    Fiction Main Library Main Library SHELF 1-J-ENGLISH NOVELS FOR TEACHERS 12/03/2014 purchase 823 POR/H 07643 Books  
    Fiction Main Library Main Library SHELF 1-J-ENGLISH NOVELS FOR TEACHERS 20/03/2014 purchase 823 POR/H 08020 Books  
    Fiction Main Library Main Library SHELF 1-J-ENGLISH NOVELS FOR TEACHERS 12/03/2014 purchase 823 POR/H 07644 Books  
    Fiction Main Library Main Library SHELF 1-J-ENGLISH NOVELS FOR TEACHERS 20/03/2014 purchase 823 POR/H 08022 Books  
    Fiction Main Library Main Library SHELF 1-J-ENGLISH NOVELS FOR TEACHERS 22/03/2014 purchase 823 POR/H 08083 Books 30.00
    Fiction Main Library Main Library SHELF 1-J-ENGLISH NOVELS FOR TEACHERS 20/03/2014 purchase 823 POR/H 08021 Books 40.00
    Fiction Main Library Main Library SHELF 1-J-ENGLISH NOVELS FOR TEACHERS 12/03/2014 purchase 823 POR/H 07978 Books 40.00